00354nam a2200121Ia 4500008004100000040001700041041001200058082001300070100001800083245009200101260002800193300001100221230917s9999||||xx |||||||||||||| ||und|| e128413aMAIN aEnglish a934 A16I aAvari, Burjor 0aIndia: The ancient past:A history of the Indian Sub-Continent from C.7000 BC to AD 1200 aLondonbRoutledgec2007 a284 p.